000 00694nas a2200217 4500
001 BR2014004998
003 BR-BrBNA
005 20231205124404.0
007 ta
008 230509b bl.|||p| |||| 00| 00por d
040 _aBR-BrBNA
_bpor
_cBiblioteca Nacional de Agricultura
041 _a(En)
072 _aL60
100 1 _aLourenço, W.R.
245 1 _aTityus (Atreus)timendus Pocock, 1898 (Scorpiones, Buthidae), an enigmatic scorpion from Equador
650 _aESCORPIÃO
650 _aTAXONOMIA
773 0 _tActa Biológica Paranaense (Brazil)
_xISSN 0301-2123
_g(Jan-Dec 2012), v. 41(1-4) p. 1-8
_wBR2014004998
909 _a202311
_bLúcia
_c55
_dLúcia Elande
942 _2AGRIS
_n0
_cANA
999 _c238814
_d238814